駅名に「大阪」が含まれる日本の鉄道駅 - Statistics

General Stats
  • This quiz has been taken 416 times
  • The average score is 11 of 16
Answer Stats
路線名 Answer % Correct
東海道本線/大阪環状線 大阪
100%
東海道新幹線など 新大阪
98%
近鉄難波線/阪神なんば線 大阪難波
88%
大阪環状線 大阪城公園
87%
阪急神戸線/宝塚線 大阪梅田
87%
阪神本線 大阪梅田
87%
近鉄難波線/大阪線 大阪上本町
80%
近鉄南大阪線 大阪阿部野橋
72%
JR東西線 大阪城北詰
71%
大阪モノレール 大阪空港
65%
Osaka Metro 中央線 大阪港
62%
JR東西線 大阪天満宮
59%
南海高野線 大阪狭山市
50%
Osaka Metro 長堀鶴見緑地線 大阪ビジネスパーク
49%
近鉄大阪線 大阪教育大前
43%
富山地鉄富山港線 粟島(大阪屋ショップ前)
6%
No matching quizzes found
Score Distribution
Percent of People with Each Score
Percentile by Number Answered
Your Score History
You have not taken this quiz